Library of the University of Algiers 3
Ibrahim Sultan Cheibout
شعار جامعة الجزائر 3
مكتبة جامعة الجزائر 3
إبراهيم سلطان شيبوط

الاحصاء التطبيقي / (رقم التسجيلة. 42842)

تفاصيل مارك
000 -LEADER
fixed length control field 01600nam a2200253Ia 4500
003 - CONTROL NUMBER IDENTIFIER
control field Ost
005 - DATE AND TIME OF LATEST TRANSACTION
control field 20260507075109.0
008 - FIXED-LENGTH DATA ELEMENTS--GENERAL INFORMATION
fixed length control field 260507s9999||||xx |||||||||||||| ||und||
020 ## - INTERNATIONAL STANDARD BOOK NUMBER
International Standard Book Number 9960052079
040 ## - CATALOGING SOURCE
Transcribing agency fsecg
041 ## - LANGUAGE CODE
Language code of text/sound track or separate title ara
082 ## - DEWEY DECIMAL CLASSIFICATION NUMBER
Classification number 519.5
100 ## - MAIN ENTRY--PERSONAL NAME
Personal name ابو عمة، عبد الرحمن بن محمد سليمان
Relator term مؤلف
245 #0 - TITLE STATEMENT
Title الاحصاء التطبيقي /
Statement of responsibility, etc. عبد الرحمن بن محمد سليمان ابو عمة
250 ## - EDITION STATEMENT
Edition statement طبعة 2
260 ## - PUBLICATION, DISTRIBUTION, ETC.
Place of publication, distribution, etc. الرياض:
Name of publisher, distributor, etc. جامعة الملك سعود,
Date of publication, distribution, etc. 1995
300 ## - PHYSICAL DESCRIPTION
Extent 441 صفحة؛
Other physical details جداول
Dimensions 24 سم
504 ## - BIBLIOGRAPHY, ETC. NOTE
Bibliography, etc. note ثبت الرموز و المصطلحات ص.417 مراجع ص.419 جداول ص.421
520 ## - SUMMARY, ETC.
Summary, etc. تنظيم البيانات و عرضها و مقاييس النزعة المركزية (المتوسطات) و التطرق الى مقاييس التشتت و الارتباط و الانحدار و الأرقام القياسية و الاحصاءات الحيوية و مبادئ الاحتمالات و المتغيرات العشوائية و التوزيعات الاحتمالية ؛ و توزيع المعاينة و التقدير و اختبارات الفروض و إستخدام مربع كاي لحسن المطابقة و جدول التجانس و أخيرا الاختبارات غير المعملية و تحليل التباين.
653 ## - INDEX TERM--UNCONTROLLED
Uncontrolled term الاحصاءالتطبيقي
700 ## - ADDED ENTRY--PERSONAL NAME
Personal name عبد الله، أنور أحمد
Relator term مؤلف ثانوي
700 ## - ADDED ENTRY--PERSONAL NAME
Personal name هندي، محمود محمد ابراهيم
Relator term مؤلف ثانوي
942 ## - ADDED ENTRY ELEMENTS (KOHA)
Koha item type كتب
المقتنيات
Withdrawn status Lost status Source of classification or shelving scheme Damaged status Not for loan Home library Current library Date acquired Serial enumeration / chronology Inventory number Total checkouts Full call number Barcode Date last seen Price effective from Koha item type
    Dewey Decimal Classification   NOT LOAN / إعارة داخلية مكتبة كلية العلوم الإقتصادية والعلوم التجارية وعلوم التسيير مكتبة كلية العلوم الإقتصادية والعلوم التجارية وعلوم التسيير 07/05/2026 الطابق الثاني 1419/1   أ/1419ن1 1419/1 07/05/2026 07/05/2026 كتب

موارد الويب المفتوحة


© University of Algiers 3 All Rights Reserved
|
Implemented by LECHELAH Riad